| 000 | 00636nam a2200217 i 4500 | ||
|---|---|---|---|
| 001 | 77905 | ||
| 003 | ES-MaACL | ||
| 005 | 20230906173435.0 | ||
| 007 | t| | ||
| 008 | 041115s1980 sp ||||1| spa d | ||
| 020 | _a84-300-3677-6 | ||
| 080 | _a32(46)"1975/..."(04) | ||
| 100 | 1 |
_aRosell, Juan ( _d1957-) _999687 |
|
| 245 | 1 | 0 |
_aEspaña en dirección equivocada / _cJuan Rosell Lastortras. |
| 250 | _a1ª ed. | ||
| 260 |
_a[S.l.] : _bEl autor, _c1980. |
||
| 300 |
_a123 p., 1 h. ; _c20 cm. |
||
| 651 | 4 |
_aEspaña- _xHistoria- _y1975-1982, Transición. _9149272 |
|
| 852 |
_aES-MaACL _jE-10375 _bR.130871 |
||
| 852 |
_aES-MaACL _jL-528 |
||
| 999 |
_c77905 _d77905 |
||